Study guide [for] Principles of macroeconomics [by] N. Gregory Mankiw (Record no. 10247)
[ view plain ]
| 000 -LEADER | |
|---|---|
| fixed length control field | 00567nam a22001817a 4500 |
| 003 - CONTROL NUMBER IDENTIFIER | |
| control field | OSt |
| 005 - DATE AND TIME OF LATEST TRANSACTION | |
| control field | 20160203104817.0 |
| 008 - FIXED-LENGTH DATA ELEMENTS--GENERAL INFORMATION | |
| fixed length control field | 160203b xxu||||| |||| 00| 0 eng d |
| 020 ## - INTERNATIONAL STANDARD BOOK NUMBER | |
| International Standard Book Number | 0030201934 |
| 040 ## - CATALOGING SOURCE | |
| Original cataloging agency | SEKU |
| 050 ## - LIBRARY OF CONGRESS CALL NUMBER | |
| Classification number | HB 172 |
| Item number | .H3 |
| 100 ## - MAIN ENTRY--PERSONAL NAME | |
| Personal name | Hakes, David R. |
| 245 ## - TITLE STATEMENT | |
| Title | Study guide [for] Principles of macroeconomics [by] N. Gregory Mankiw |
| Statement of responsibility, etc. | David R. Hakes and N. Gregory Mankiw |
| 260 ## - PUBLICATION, DISTRIBUTION, ETC. (IMPRINT) | |
| Place of publication, distribution, etc. | Florida : |
| Name of publisher, distributor, etc. | Harcourt Brace College Publishers |
| Date of publication, distribution, etc. | c1998 |
| 650 ## - SUBJECT ADDED ENTRY--TOPICAL TERM | |
| Topical term or geographic name as entry element | Macroeconomics |
| General subdivision | Problems |
| -- | exercises |
| 700 ## - ADDED ENTRY--PERSONAL NAME | |
| Personal name | Mankiw, N. Gregory |
| 942 ## - ADDED ENTRY ELEMENTS (KOHA) | |
| Source of classification or shelving scheme | Library of Congress Classification |
| Koha item type | General circulation |
| Withdrawn status | Lost status | Source of classification or shelving scheme | Damaged status | Not for loan | Home library | Current library | Shelving location | Date acquired | Source of acquisition | Total Checkouts | Full call number | Barcode | Date last seen | Price effective from | Koha item type | Public note |
|---|---|---|---|---|---|---|---|---|---|---|---|---|---|---|---|---|
| Library of Congress Classification | Mtito Andei Centre Library | Mtito Andei Centre Library | General Stacks | 03/02/2016 | Donation - Books for Africa | HB 172 .H3 | 2015/009709 | 03/02/2016 | 03/02/2016 | General circulation | JTH |